Football joueur français sur le podium du ballon d'or - Statistiques

Statistiques générales
  • Ce quiz a été pris 117 fois
  • Le résultat moyen est 11 sur 14
Statistiques - réponses
Nombre de podium Joueur % Correct
3 Zidane
99%
1 Mbappe
97%
5 Platini
94%
2 Griezmann
93%
2 Henry
91%
1 Dembelé
90%
1 Benzema
89%
4 Kopa
79%
1 Papin
79%
1 Ribéry
78%
1 Fontaine
72%
1 Cantona
44%
1 Gires
31%
1 Tigana
28%
Aucun quiz correspondant
Distribution des résultats
% des personnes avec chaque résultat
Percentile par nombre de réponses
Votre historique - résultats
Vous n’avez pas pris ce quiz